000 00677nam a2200289Ia 4500
005 20260324120053.0
008 008 260324s9999 xx 000 0 eng d
020 _a9780429476938
037 _aEBOOK
040 _aCRL
040 _beng
040 _cCRL
041 _2eng
041 _aeng
084 _qCRL
100 _aLinda Cundy
_91157117
245 0 _aLove in the Age of the Internet
245 0 _bAttachment in the Digital Era
260 _bTaylor and Francis
260 _c2015
365 _a
365 _b205
856 _uhttp://www.taylorfrancis.com/books/9780429476938
942 _cEBOOK
999 _c1748434
_d1748434